| 000 | 01095nam a2200265 i 4500 | ||
|---|---|---|---|
| 001 | 110773 | ||
| 003 | ES-MaACL | ||
| 005 | 20250912063048.0 | ||
| 007 | t| | ||
| 008 | 070125s1913 sp ||||1| spa d | ||
| 100 | 1 |
_aPessina, Enrico, _d1828-1916 _991450 |
|
| 245 | 1 | 0 |
_aElementos de Derecho penal / _cpor Enrique Pessina ; traducción del italiano por Hilarión González del Castillo ; prólogo y adición con arreglo al derecho español por Félix de Aramburu y Zuluaga. |
| 250 |
_a2ª ed. _bpor Eugenio Cuello Calón. |
||
| 260 |
_aMadrid : _bHijos de Reus, _c1913. |
||
| 300 |
_a940 p. ; _c23 cm. |
||
| 490 | 1 |
_aBiblioteca jurídica de autores españoles y extranjeros ; _v4 |
|
| 500 | _aSin portada. | ||
| 650 | 0 | 7 |
_aDerecho penal _2embne _911749 |
| 700 | 1 |
_aAramburu y Zuloaga, Félix de, _d1848-1913 _922232 |
|
| 700 | 1 |
_aGonzález del Castillo, Hilarión, _d1869-1941 _958582 |
|
| 700 | 1 |
_aCuello Calón, Eugenio. _941986 |
|
| 830 | 0 |
_aBiblioteca jurídica de autores españoles y extranjeros ; _v4 _9182228 |
|
| 852 |
_aES-MaACL _jE-3025 |
||
| 999 |
_c110773 _d110773 |
||